Nerovnosť miezd zamestnancov SR a jej vertikálna dekompozícia podľa Giniho indexu
Posúdenie vplyvu jednotlivých zložiek hrubého príjmu na mzdovú nerovnosť zamestnancov SR.
Salvato in:
| Autore principale: | |
|---|---|
| Altri autori: | |
| Natura: | Capitolo di libro |
| Lingua: | slovacco |
| Soggetti: | |
| Tags: |
Nessun Tag, puoi essere il primo ad aggiungerne!!
|
MARC
| LEADER | 00000naa a2200000 4500 | ||
|---|---|---|---|
| 001 | 0195421 | ||
| 005 | 20240502073257.7 | ||
| 041 | 0 | |a slo | |
| 044 | |a SK | ||
| 245 | 1 | 0 | |a Nerovnosť miezd zamestnancov SR a jej vertikálna dekompozícia podľa Giniho indexu |c Ľubica Sipková, Juraj Sipko |
| 520 | |a Posúdenie vplyvu jednotlivých zložiek hrubého príjmu na mzdovú nerovnosť zamestnancov SR. | ||
| 610 | 2 | 0 | |a diferenciácia mzdová |
| 610 | 2 | 0 | |a príjmy obyvateľstva |
| 610 | 2 | 0 | |a Slovensko |
| 610 | 2 | 0 | |a modely ekonomicko-matematické |
| 100 | 1 | |a Sipková, Ľubica, 1962- | |
| 700 | 1 | |a Sipko, Juraj | |